Normal view
MARC view
Entry Personal Name
001 - CONTROL NUMBER
- control field: 12041
003 - CONTROL NUMBER IDENTIFIER
- control field: OSt
005 - DATE AND TIME OF LATEST TRANSACTION
- control field: 20150919141442.0
008 - FIXED-LENGTH DATA ELEMENTS
- fixed length control field: 150919|| aca||aabn | a|a d
040 ## - CATALOGING SOURCE
- Original cataloging agency: OSt
- Transcribing agency: OSt
100 ## - HEADING--PERSONAL NAME
- Personal name: सिंह,मनोज
670 ## - SOURCE DATA FOUND
- Source citation: Work cat.: (OSt): 321/5 सिंह,मनोज , आदर्श सरपंच/भोजन के नियम/खतरनाक शत्रु पोलियो/उत्तम स्वस्थ के लिए/कहानी पर्यावरण की , 2006









